Star Trek: Into Darkness - Statistics

General Stats
  • This quiz has been taken 604 times
    602 since last reset
  • The average score is 11 of 15
Answer Stats
Hint Answer % Correct
Who from a different time gives a crewmember advice towards the end? Old Spock
96%
Live long and _______. Prosper
96%
What crewmember is like a robot? Spock
96%
What is Captian Kirk's initial for his middle name? T
94%
What color shirt does Spock wear? Blue
93%
Khan, the antagonist, plays a detective in what British TV show? Sherlock
92%
What is the name of the starship? USS Enterprise
91%
What red shirt quits his job because of the missiles at the beginning? Scotty
88%
Members of the crew wearing ___ ______ always die. Red Shirts
82%
Going boldly where __ ___ ___ ____ ______. No man has gone before
80%
Who plays Captain Kirk? Chris Pine
77%
What crewmember took over the captain's position when Kirk was negotiating with Khan? Mr Sulu
77%
Khan is kept in a cell that looks a lot like ____'s from a best-selling superhero movie. Loki
37%
Khan saved the man's daughter in exchange for his ____. Crew
25%
"I'm a doctor, not a ________! Magician
4%
No matching quizzes found
Score Distribution
Percent of People with Each Score
Percentile by Number Answered
Your Score History
You have not taken this quiz since the last reset